| 000 | 01644nmm a22003014i 4500 | ||
|---|---|---|---|
| 003 | DO-SdISF | ||
| 005 | 20250403115743.0 | ||
| 007 | ta | ||
| 008 | 240209s2020 dr a|||fom|d| 001 0 spa d | ||
| 040 |
_aDO-SdISF _bspa _erda _cDO-SdISF |
||
| 100 | 1 |
_aPacheco Ferreira, Luis Miguel _931269 _eautor |
|
| 245 | 1 | 0 |
_aNivel de competencias fundamentales en estudiantes de primer ciclo de secundaria del distrito educativo 08-08 / _csustentado: Luís Miguel Pacheco Ferreira ; asesor: Mauricio Javier Prada Rozo |
| 264 | 1 |
_aSanto Domingo : _bISFODOSU, _c2020 |
|
| 300 |
_a1 recurso en línea (102 hojas) : _bilustraciones |
||
| 336 |
_2rdacontent _atexto _btxt |
||
| 337 |
_2rdamedia _acomputadora _bc |
||
| 338 |
_2rdacarrier _arecurso en línea _bcr |
||
| 347 |
_2rda _aarchivo de texto _bPDF |
||
| 502 | _aTesis para optar por el título de Maestría en Educación Física Integral - Instituto Superior de Formación Docente Salomé Ureña - ISFODOSU, Recinto EMH, 2020. | ||
| 504 | _aBibliografía en hoja 70 | ||
| 505 | _aIntroducción al problema de investigación 1 - Revisión de literatura 10 - Metodología 23 - Presentación de los resultados 33 - Interpretación de los resultados 65 - Referencias bibliografíca 70 - anexos 80 | ||
| 650 | 1 | 4 |
_aEducación física _zRepública Dominicana _2armarc _93852 |
| 650 | 1 | 7 |
_aAptitudes _xMediciones _2armarc _925867 |
| 650 | 1 | 7 |
_aEducación secundaria _2armarc _93888 |
| 700 | 1 |
_aPrada Rozo, Mauricio Javier _easesor _921318 |
|
| 856 |
_yClic para ver Texto Completo _uhttps://biblioteca.isfodosu.edu.do/cgi-bin/koha/opac-retrieve-file.pl?id=6da5f486d10254802c0562ea2ba48c04 |
||
| 942 |
_2LOC _cTESIS |
||
| 999 |
_c13403 _d13403 |
||